[Event "WA State Championship (Invitational sec"]
[Site "Orlov Chess Academy, Redmond,"]
[Date "2022.02.12"]
[Round "1"]
[White "Gupta, Anand"]
[Black "Razmov, Valentin"]
[Result "0-1"]
[WhiteElo "1842"]
[BlackElo "1821"]
[Annotator "Valentin Razmov"]
[PlyCount "84"]
[EventDate "2022.??.??"]
[TimeControl "9000+10"]

{[%evp 0,84,18,27,24,0,4,4,-2,2,44,6,50,50,75,29,57,-35,-15,-56,-8,-24,-60,
-103,-87,-111,-129,-163,-175,-340,-360,-340,-340,-397,-281,-335,-316,-313,-398,
-456,-434,-489,-489,-532,-366,-376,-376,-389,-404,-634,-502,-469,-469,-655,
-659,-663,-411,-405,-416,-451,-557,-557,-571,-552,-558,-580,-607,-607,-629,
-673,-678,-932,-631,-649,-604,-665,-682,-760,-702,-1677,-29990,-29985,-29300,
-29983,-29984,-29985,-29986] This game was played in round 1, so neither
opponent knew what to expect -- except that we were of similar ratings. It was
promising to be an interesting battle between potential contenders for the top
spots in the section.} 1. d4 Nf6 2. c4 e6 3. Nf3 d5 4. Nc3 c6 5. Bf4 $6 {
A move likely intended to surprise Black or at least escape lines where Black
may have relevant experience. Objectively, that move allows Black to take a
pawn and likely keep it, at the cost of some complications.} Be7 $6 {White's
intended plan worked. After 10 moves of thought on the choices, Black decides
to avoid a possible opening preparation that may be harder to decipher over
the board. The principled alternative is illustrated by lines such as:} (5...
dxc4 $15 6. a4 (6. e4 b5 7. Qc2) 6... Bb4 7. Qc2 (7. g3) 7... Nbd7 (7... b5) 8.
e4 b5 9. Be2) 6. e3 O-O 7. c5 {Perhaps this strategic choice of a closed pawn
structure was White's idea all along. At least I had relevant experience and
knowledge to guide me.} (7. Bd3) (7. Qc2) 7... Nh5 {After 7 more minutes I
decided to directly challenge White's bishop first. The typical approach in
such closed positions instead is for Black to play ...b6 followed by ...a5,
aiming to open lines on the queen-side, where White attempts to create a
cramping effect with their c4-c5 thrust.} 8. Ne5 $2 $17 {Thought played
quickly, this otherwise typical knight move shows that White didn't appreciate
the significance of Black's latest challenge.} (8. Bd3 {would have been the
\"normal\" continuation, leading to a balanced position after} Nxf4 9. exf4 b6
10. b4 a5 11. a3 Ba6) 8... Nxf4 9. exf4 f6 $1 {This is the point: the absence
of a knight on f6 allows Black to directly push away White's knight from its
favorite e5-square, this negating its previous jump. The relative weakening of
the e6-square is not as significant here, because White is behind on
development and their center is overextended, so a challenge to that center is
coming up shortly, which will radically change the pawn structure.} 10. Nf3 Nd7
$1 {Suddenly White's position is rather unpleasant. A central pawn break ...
e6-e5 is imminent, while White's king is still unsafe.} 11. Qe2 $2 {Spending
17 minutes, White doesn't find a workable solution. The queen on e2 only adds
to the problems, as it slows down the bishop's development and allows Black to
rely on tactics due to the potential skewer of the king and queen.} (11. Bd3 e5
12. fxe5 fxe5 13. dxe5 {was relatively better, leaving Black up a pawn after}
Qc7 {but giving White a chance to at least consolidate their king-side.}) 11...
e5 $1 {White's center is falling apart. What should White do with highest
priority $2} 12. fxe5 $6 {Facilitating the opening of more lines for Black's
pieces is generally not the right approach, and specifically here it does not
help either. White needs to complete development quickly and add stability to
their position and safety to their king.} (12. Rd1) (12. O-O-O) 12... fxe5 13.
Nxe5 $2 $19 {Perhaps White was still hoping to contain the damage positionally
and/or materially, but again the chosen path exacerbates the situation.} (13.
dxe5 Nxc5 $17) 13... Nxe5 14. Qxe5 ({If} 14. dxe5 Bxc5 15. f3 Qg5 {then the
White king cannot castle in either direction.}) 14... Bf6 15. Qh5 Bxd4 16.
O-O-O {By this point we had collectively spent over 2 hours playing, a
curiosity for most players around us who had already finished their games in a
brisk tempo.} Qf6 $6 {This \"automatic\" move -- developing a piece while
adding pressure -- was hard to resist. It gives White a brief moment of
respite to develop their bishop: Bd3.} ({The engine suggests instead lines like
} 16... g6 $1 17. Qe2 (17. Qh6 $5 Be5 18. g3 Bxc3 19. bxc3 Qa5 20. Qd2 Bg4 21.
Re1 Rxf2 $1 22. Be2 Qa3+ 23. Kd1 d4 24. Qxd4 Qb2 $1 $19) 17... Rxf2) 17. Rd3 $6
{Perhaps the pressure felt too great and White misses that chance...} ({
... or maybe after} 17. Bd3 g6 18. Qe2 Qxf2 {White saw no point in playing
down two pawns with no compensation, so was seeking complications in hopes of
reversing damages.}) 17... Qf4+ {forcing the rook to retreat due to the threat
of the light-squared bishop coming in with skewers on f5 or g4.} 18. Rd2 Bg4
19. Qh4 Bxf2 20. g3 Qf3 {Black strives to keep up the pressure and not allow
White to bring their pieces into the game. By now each of the players had
about 30 minutes left to complete the 40-move time control...} 21. Bd3 ({
The alternative} 21. Rxf2 Qxh1 22. Rxf8+ Rxf8 23. Qxg4 Qxf1+ $19 {seems like a
clean win.}) 21... Qxh1+ (21... h5 $1 {was even stronger, and I calculated
this alternative, but missed that after} 22. Rf1 {Black wins on the spot due to
} Qe3 $1 {-- threatening to trap the white queen with ...g7-g5 or win the
pinned rook after} 23. Bc2 Be1 $19) 22. Rd1 {realistically an only move, and
an unpleasant surprise for Black, as I had overlooked this possibility from a
distance, way back on move 17. Luckily Black has a good and simple move in
store:} Qf3 ({The engine offers fascinating alternative winning lines starting
with} 22... Be3+ {During that phase of the game, I was trying to actively
simplify the position, being wary of the chance to overlook another tactical
detail, especially with the f-file open against my king too.} 23. Kb1 h5 $1 (
23... Qf3 24. Qxh7+ Kf7 25. Rf1 Bf2 26. Nd1 Rh8 27. Qg6+ Kg8 $1 28. Nxf2 Bh5 $1
29. Qe6+ Bf7 $19) 24. Rxh1 g5 $1 25. Qxg4 hxg4 $19) 23. Qxh7+ Kf7 24. Rf1 {
With the last few minutes ticking down on the clock, White decides to try to
complicate things.} ({I thought I had convinced myself that Black escapes
attempts for a perpetual check or a mating attack after the more conventional} 
24. Qg6+ Ke7 25. Nxd5+ (25. Qxg7+ Rf7 26. Qe5+ Kd7 27. Qd6+ Kc8 $19) 25... cxd5
26. Qd6+ Ke8 27. Bg6+ Rf7 {However, continuing from this line of my
calculation, the engine doesn't give up just yet and insists on posing
additional serious tactical challenges --} 28. Rxd5 $5 Be3+ (28... Qe3+ 29. Kc2
Qe2+ 30. Kb1 {following as in the mainline}) 29. Kc2 {and at this juncture of
these variations Black must earn the win by finding the spectacular piece
sacrifice to deflect the white rook from the threat of Re5+:} Bd4 $1 30. Rxd4
Bf5+ 31. Bxf5 Qxf5+ 32. Kc3 Rf6 $19) 24... Qf6 {adding the reassuring presence
of a queen to help the fearful Black king.} ({Simpler was} 24... Rh8 25. Qg6+
Kg8 $19) 25. h3 Rh8 26. Qg6+ (26. Rxf2 Qxf2 27. Qg6+ Kg8 28. Qxg4 Re8 $19 {
was another possibility.}) 26... Qxg6 27. Rxf2+ Ke6 $2 {I knew that I had
miscalculated something somewhere, but the nervous tension had mounted by that
point -- White had a mere 1 minute left on the clock, while Black had 14.
Although I did consider the obvious 27...Qf6, it appeared to me -- incorrectly
-- that at the end of that line White was equalizing the material; I was
mis-visualizing White's rook as still being present on the board, even though
I was recapturing it for Black's queen on f6.} (27... Qf6 28. Rxf6+ Kxf6 29.
hxg4 Rh2 $19) 28. Bxg6 Rxh3 {Luckily for Black, the resulting position retains
ample margin for a comfortable win.} 29. Rf7 $2 {This loses additional
material, though with the queens gone and the potential White attack vanished
it's hard to recommend something promising for White.} Rh6 $1 30. Rxg7 Kf6 {
The game could have reasonably ended here with a resignation given Black's
enormous material advantage and no real risks (including 9 minutes left to
make the next 10 moves).} 31. Rxb7 Kxg6 32. Rc7 Kf5 33. Rf7+ Ke5 34. Re7+ Kd4
35. Rg7 Bf3 36. Rf7 Be4 37. g4 Rg8 38. Rxa7 Rxg4 39. Ra5 Rg2 40. Ra4+ Kd3 41.
Nd1 Rc2+ 42. Kb1 Rh1 {and Black resigned. Following this difficult and
disappointing game, Anand Gupta recovered very well: he played a strong
tournament and finished in shared 2nd place, remaining in contention for 1st
place until the very last round. My heartfelt congratulations to him on this $1
} 0-1

[Event "WA State Championship"]
[Site "Redmond WA"]
[Date "2022.02.19"]
[Round "6"]
[White "Nallappa, Vijay"]
[Black "Wang, Daniel"]
[Result "0-1"]
[WhiteElo "1602"]
[BlackElo "1631"]
[Annotator "Daniel Wang"]
[PlyCount "60"]
[EventDate "2022.02.12"]
[EventType "tourn"]
[EventRounds "9"]
[EventCountry "USA"]

1. d4 Nf6 2. Nf3 g6 3. Bg5 Bg7 4. Nbd2 O-O 5. c3 d6 {I only recently began
playing the King's Indian Defense against 1.d4, so I didn't know much theory.
In fact, I believe this was the first time I had faced the Torre Attack.} 6. e4
Nbd7 {Here the more popular move was 6...c5, which the computer evaluates as
equal and has been played by Kasparov and Vachier-Lagrave, among others. The
text gives white a very slight advantage.} 7. Bc4 e5 8. dxe5 Nxe5 {I wanted to
open up my light-squared bishop.} 9. Nxe5 dxe5 10. O-O Qe8 {Sidestepping the
pin and preparing Be6.} 11. Qc2 Be6 12. a4 Bxc4 13. Nxc4 Qc6 14. Nd2 a5 {
Here I offered a draw as I thought the position appeared very equal. The
computer gives +0.2 for white which is somewhat negligible.} 15. f3 Nd7 {
Rotating my knight to the queenside, possibly to c5 where it would eye the
holes in white's position on d3 and b3.} 16. Rfd1 Bf6 {16... Nc5 would have
been better, but I decided to shamelessly play for a draw!} (16... Nc5 17. Nf1
(17. b4 $4 Ne6 18. Be3 Nd4 19. Qd3 Qxc3 $3 20. Qxc3 Ne2+ $1 $19) 17... Bf6 18.
Bh6 Bg7 $11) 17. Bxf6 Qxf6 18. Nc4 Nb6 19. Nxb6 Qxb6+ {All the minor pieces
have been traded off and the position is now 0.00. Here I offered another draw,
which was also declined.} 20. Kh1 Rad8 21. Qe2 $6 Qb3 22. Rdb1 (22. h3 Rxd1+
23. Qxd1 (23. Rxd1 Qxa4) 23... Qxb2) (22. Ra3 $4 Qxd1+) 22... Rd6 {Doubling on
the d-file with the additional idea of a potential Rb6 targeting the weak b2
pawn.} 23. Ra3 Qb6 24. Qc2 $2 Rfd8 25. Rb3 Qe3 $1 26. Rxb7 $4 Rd2 27. Qb3 Qe2 {
Here the computer finds instead:} (27... Rxg2 $3 28. Kxg2 (28. Rb8 Qf2 $3 {
With mate to follow.}) 28... Rd2+ 29. Kh3 Qxf3+ 30. Kh4 Rxh2+ 31. Kg5 Qf4#) 28.
Rg1 Rd1 29. h3 Rxg1+ 30. Kxg1 Rd2 0-1

[Event "WA State Championship (Invitational sec"]
[Site "Orlov Chess Academy, Redmond,"]
[Date "2022.02.13"]
[Round "4"]
[White "Tu, Robin"]
[Black "Razmov, Gabriel"]
[Result "0-1"]
[WhiteElo "1809"]
[BlackElo "1600"]
[Annotator "Gabriel Razmov"]
[PlyCount "102"]
[EventDate "2022.??.??"]

{[%evp 0,102,42,10,36,44,72,68,58,52,45,53,67,8,9,16,52,25,18,39,45,34,82,67,
75,17,35,11,64,47,65,62,129,-82,-72,-65,-76,-76,-63,-58,-58,-91,-88,-94,-94,
-105,-99,-98,-95,-95,-98,-119,-114,-117,-108,-129,-107,-143,-65,-97,-48,-44,
-23,-22,-22,-71,-56,-41,-25,-27,0,0,68,0,82,-117,-157,-152,-146,-247,-435,-747,
-803,-1093,-1157,-1157,-1236,-29987,-29988,-29989,-1280,-1280,-1423,-29991,
-29992,-29993,-29992,-29993,-29994,-29995,-29996,-29997,-29998,-29999,-30000]} 
1. e4 d5 2. exd5 Qxd5 3. Nc3 Qa5 4. Bc4 Nf6 5. d3 {This is a very quiet and
reserved line. 5.d4 is by far the most popular move in this position, and it
is more ambitious as it gets more central space.} c6 ({Another way for Black is
} 5... Bg4 6. Nge2 c6 7. Bd2 Nbd7 (7... e6 $6 {leaves Black's bishop almost
trapped} 8. f3 Bh5 9. Nd5 Qd8 10. Nxf6+ Qxf6 ({but not} 10... gxf6 $2 11. h4 h6
12. Nf4 Bg6 13. Nxg6 fxg6 {+-}))) 6. f4 $6 {A puzzling move that blocks the
dark-squared bishop while it also weakens the dark squares on the kingside. I
spent about 5 minutes thinking on my response. (As I learned later on, my
opponent apparently plays f4 with White in almost any opening.)} Bg4 $6 {
A conventional response, but not the best.} ({A more active response would be} 
6... b5 $1 7. Bb3 e6 8. Nf3 Be7 9. O-O O-O 10. Ne4 Qb6+ 11. Kh1 Nxe4 12. dxe4
a5 {taking advantage of White's slow-down.}) 7. Nf3 h6 $2 {The intent here was
to create room for Black's bishop, but in retrospect this move literally loses
a tempo, since the bishop will have to be exchanged on f3, rather than being
immobilized and stranded on h7.} (7... e6 8. h3 Bxf3 9. Qxf3 Bb4 {⩲}) 8. h3
Bxf3 {I considered 8... Qh5 here but it didn't seem to do much good.} 9. Qxf3
e6 10. Bd2 Qc7 11. O-O-O {Black is far behind on development and must hurry.}
Nbd7 12. g4 O-O-O 13. g5 $6 {White is eager to open files, but what if Black
doesn't do so?} hxg5 $6 {Automatic and incorrect.} (13... Nd5 {doesn't play by
White's script.} 14. h4 {⩲}) 14. fxg5 Ne5 15. Qf2 $1 {A nice move that,
among other things, attacks a7.} Nxc4 $2 {Here I didn't really know what to
play. I didn't (and I needed to) consider 15...Nd5, which simply moves the
knight to its favorite position, while saving f7. Even then, Black is still
worse due to space disadvantage on the kingside, the inactive dark-squared
bishop, and the hanging pawn on a7.} (15... Nd5 16. Qxa7 b5 17. Qxc7+ Nxc7 18.
Bb3 Be7 {±}) 16. gxf6 $4 {A blunder, played surprisingly quickly in a
position that required careful evaluation of alternatives. I was not counting
on this move when I played ...Nxc4, but I had foreseen that it's a mistake.} (
16. dxc4 {maintains White's advantage and pressure on Black's position.}) 16...
Nxd2 {Suddenly Black is better.} 17. Rxd2 gxf6 {This capture's effect is
probably what my opponent missed. He cannot recapture on f6 now due to 17...
Bh6, winning the exchange.} 18. Kb1 f5 {Stabilizing the kingside and the
important f-passer for Black, while also restricting the mobility of White's
knight.} 19. Qxa7 b6 20. Qa6+ $6 (20. Qa8+ Kd7 21. Qa4 {∓ is the more
technical way - who wants to play with a king on d7 in the middlegame?}) 20...
Qb7 $1 21. Qxb7+ ({White's problem is that even the more active looking} 21.
Qc4 b5 22. Qb3 Rh4 $1 {leads to a rather passive position for all their pieces.
Notice the dominating effect Black's pawns have on the light squares!}) 21...
Kxb7 {I felt good about my chances after entering this endgame. There was no
real risk of Black losing any more, while I could grind for a win with my
passed f-pawns.} 22. Rf2 Rd4 {Activating and aiming to keep White passively
defending the h3-weakness.} 23. Ne2 Rdh4 24. Rf3 Bd6 {Black dominates the
board!} 25. c4 c5 {Attempting to secure the queenside so that my opponent
doesn't get counter-play there.} 26. a3 f6 {This and the next few moves aim to
prepare support for a future e6-e5-e4 push.} 27. Nc3 R8h5 28. Nb5 Be7 $6 {
Keeping guard of the b4-square, which is the only place his counter-play can
start. White could have gotten some relief as a result, but missed it.} 29. Rg1
Kc8 $2 {Gives White counter-play in the form of forcing moves, which limits
Black's options for pressing on.} (29... Kc6 {is more natural and centralized.}
30. Rg7 Kd7 31. Nc7 Rxh3 {∓}) 30. Rg8+ Kd7 31. Rb8 Rxh3 {A key decision
moment; Black decides to press forward and counts on being able to quickly
advance the f-pawn toward queening. The main alternative was 31...Bd8 (which I
considered), aiming to keep the queenside defended and capture h3 soon after.}
32. Rb7+ Ke8 33. Rxh3 Rxh3 34. Rxb6 e5 $6 {Miscalculating the stronger
prospects for Black after 34...f4.} (34... f4 $1 {is the principled
alternative.} 35. Kc2 $1 {only move by White to stay in the game!} (35. Rxe6 $4
Rh1+ 36. Kc2 f3 {and the f-pawn queens.}) (35. Nc3 $2 f3 36. Nd1 Rh1 37. Kc2
Kf7 38. Kd2 f5 {-+}) 35... Re3 36. Kd2 f5 {∓}) 35. Nc7+ Kf8 $2 {Here I
thought that if I chose to move to f7, Nd5 would hurt me due to the coming pin
on the bishop. As my analysis shows, ...Kf7 is indeed best but only good
enough for a small edge. I was probably also affected by the previous
unsuccessful games in the tournament, wanting to press for a win here.} (35...
Kf7 {⩱} 36. Nd5 Bd8 $1 {A critical resource for Black.} 37. Rb8 (37. Rd6 Rh8
$1) 37... Rh8 $1 {Another critical resource, after which Black can press on.})
36. Kc2 f4 {Trying to keep the initiative.} 37. Kd2 $4 {An act of panic?} (37.
Nd5 {was the only move for White (and not too hard to find).} Rh2+ 38. Kd1 {
and Black has to soon confess that it is likely going to be a draw.} f3 39. Ke1
(39. Rb8+)) 37... Rh2+ $1 {An only winning move which heads into a series of
other precise moves to secure a win for Black.} 38. Ke1 {(#Diagram Position
after 38.Ke1)} f5 $1 {A strong idea - Black needs to involve the bishop, as
the rook and f-pawn cannot do it all by themselves.} (38... f3 $2 39. Nd5 {
and once again White will escape with a draw.}) 39. Nd5 {White finally opts
for activating their knight, but by now ...f5 has opened up Black's bishop and
the f6-pawn is safe too. The next move is still an only winning move, but it
was easy to find.} Bh4+ $1 40. Kf1 f3 {Threatening a cool mate :-), but even
without it Black is winning as the pawn promotes.} 41. Rb8+ Kf7 42. Rb7+ Kg6
43. Ne7+ Kg5 44. Kg1 f2+ (44... Bg3 $1 {is a nice touch to finish the game in
the most efficient manner. I missed that elegance, but I also had already
calculated that there was nothing for my opponent to hope for in the line I
played.}) 45. Kxh2 f1=Q 46. Rb6 Qf2+ 47. Kh1 Qf3+ 48. Kg1 Bf2+ 49. Kf1 Bg3+ 50.
Kg1 Qf2+ 51. Kh1 Qh2# {It was satisfying to win a challenging game against a
player rated in the 1800s. I had this as a goal to strive for, and now that
goal has been achieved! 0-} 0-1